000 02766nam a2200277 a 4500
001 000005040
003 DO-SdBNP
005 20210817082443.0
008 090729s2004 dr acd 001 0 spa d
040 _aDO-SdBNP
_bspa
_cBPMSU
082 _a333.72
_bR426p 2004
_222
110 2 _aRepública Dominicana
_bSecretaría de Estado de Medio Ambiente y Recursos Naturales.
245 1 0 _aPrograma Nacional de Valorización de Áreas Protegidas /
_cprólogo Frank Moya Pons.
260 _aSanto Domingo :
_bSecretaría de Estado de Medio Ambiente y Recursos Naturales,
_c2004.
300 _a194 p. :
_bil. retrs., tablas ;
_c22 cm.
504 _aBibliografía: p. 194.
505 2 _aPrólogo --
_tMetodología --
_tAspectos estratégicos del sistema nacional de áreas protegidas --
_tPrograma Nacional de Valorización de las áreas protegidas 2003-2004 --
_tMarco lógico 2003-2004 por subprogramas --
_tPlanes Operativos por Área Protegida:
_tParque nacional José del Carmen Ramírez -- Parque nacional Armando Bermúdez -- Parque nacional del Este -- Parque nacional Los Haitises Suroeste -- Parque nacional Los Haitises Nordeste -- Parque nacional Lago Enrriquillo -- Parque nacional Sierra de Bahoruco -- Parque nacional Jaragua -- Parque nacional Cabo Francés Viejo -- Monumento Natural Loma Isabel de Torres -- Parque nacional de Monte Cristi (Estero Hondo) --Refugio de fauna silvestre Laguna Cabral -- Reserva cientifica loma Guaconejo -- Parque nacional Bahía de Maimón -- Monumento natural Dunas de las Calderas -- Reserva antropológica Cuevas de Borbón (Pomier) -- Parque nacional Monte Cristi -- Parque nacional Nalga de Maco -- Parque histórico Concepción de La Vega Vieja -- Parque histórico La Isabela -- Parque Urbano Los Tres Ojos -- Monumento natural Isla Catalina -- Reserva cientifíca de Loma Quita Espuela -- Parque submarino La Caleta -- Parque Litoral Sur Santo Domingo -- Refugio de fauna silvestre Laguna de Bávaro -- Parque nacional Sierra de Neyba -- Reserva cientifíca de Ébano Verde -- Reserva científica Villa Elisa -- Parque urbano Mirador Sur --Refugio de vida silvestre Lagunas Redonda y Limón --
_tInstructivo para talleres de formulación y actualización de planes operativos anuales --
_tLista de áreas protegidas.
_tAnexo: Estrategia de mercadeo de las áreas protegidas de la República Dominicana.
590 _aInventariado, 2021/VM
650 4 _aÁreas de conservación de recursos naturales
_xValoración
_zRepública Dominicana
650 4 _aConservación de los recursos naturales
_zRepública Dominicana
650 4 _aÁreas protegidas
_zRepública Dominicana
651 4 _aPolítica ambiental
_zRepública Dominicana
700 1 _aMoya Pons, Frank,
_d1944-
_epról.
910 _aVMateo V.
942 _2ddc
_cBK
999 _c13654
_d13654